Základy projektování obalového hospodářství /

Hlavní autor: Růžička, Jindřich
Jazyk: Čeština
Vydáno: Praha : Práce, 1967
Edice: Dálkový kurs Projektování manipulace s materiálem
Fyzický popis: 90 s.
Knihy
Uloženo v:
LEADER 00728nam a2200205 a 4500
001 000620548
003 CZ BrMZK
005 20041124062728.0
007 ta
008 020903s1967 xr f cze d
040 |a BOA001  |b cze  |c BOA001 
100 1 |a Růžička, Jindřich  |7 jx20041104035  |4 aut 
245 1 0 |a Základy projektování obalového hospodářství /  |c Jindřich Růžička 
260 |a Praha :  |b Práce,  |c 1967 
300 |a 90 s. 
490 1 |a Dálkový kurs Projektování manipulace s materiálem ;  |v lekce 10 
830 0 |a Dálkový kurs Projektování manipulace s materiálem 
910 |a BOA001  |b 1-0602.420 
990 |a BK 
996 6 |b 2619481526  |c 1-0602.420  |l MZK  |r Sklad / do 1 hodiny  |n 0  |w 000620548  |u 000010  |a 1  |e BOA001  |j MZK50  |s P